006580000a220013300045001000023000002450055000233000047000785000033001255200206001587730045003649420008004099520090004179990017005071 aGaray, Juan Carlos10aDos casos electrónicos : Ghava y Vida Portátil aVol.0, núm.10 (Julio, 2006), Página 20 aCrítico musical de Semana. aEn Colombia la música electrónica se asocia con la fiesta y el estruendo, pero nuevos músicos se abren campo con sonidos más depurados que encuentran poco espacio. Para la muestra dos botones.0 tArcadia / Andrés Felipe Solano, Editor cANA 001040708HEMaFUSBCbFUSBCd2016-01-26l0o r2016-01-26 00:00:00w2016-01-26yANA c61799d61799